| 000 | 02752nam0a2200445 4500 | ||
|---|---|---|---|
| 001 | RU\NLR\bibl\2084842 | ||
| 005 | 20250806203856.0 | ||
| 020 |
_aRU _b423 _9ЛЕНИНГРАД В ВЕЛИКОЙ ОТЕЧЕСТВЕННОЙ ВОЙНЕ: Печать Ленинграда, 1941 - 1945: каталог изданий, хранящихся в фондах Государственной Публичной библиотеки, вып.2. Листовки,плакаты,открытки,альбомы/Гос.публ.б-ка им.М.Е.Салтыкова-Щедрина. - Ленинград,1972 |
||
| 035 | _a(NLR Aleph) 010196515 | ||
| 090 |
_a60541 _c60541 |
||
| 100 | _a20131031j1944 u y0rusy50 ca | ||
| 101 | 0 | _arus | |
| 102 | _aRU | ||
| 105 | _ay z ||||| | ||
| 135 | _acrcn 024anaba | ||
| 200 | 1 | _aКомсомольским организациям партизанских отрядов. "В день двадцатишестилетия Красной Армии ЦК ВЛКСМ посылает вам, молодые партизаны и партизанки, горячий комсомольский привет..." | |
| 210 |
_a[Б.м. _d1944, февр.] |
||
| 215 |
_a1 с. _d16х13 |
||
| 300 | _aПодпись: секретарь ЦК ВЛКСМ Н. Михайлов | ||
| 325 | 1 | _aКопия доступна в электронной библиотеке РНБ | |
| 517 | 1 | _aВ день двадцатишестилетия Красной Армии ЦК ВЛКСМ посылает вам, молодые партизаны и партизанки, горячий комсомольский привет | |
| 606 | 1 |
_aБлокада Ленинграда _z1941 - 1944 _jЛистовки _2nlr_sh1 _2nlr_sh2 _3RU\NLR\AUTH\661253360 |
|
| 686 | _aТ3(2)722.721,011 | ||
| 702 | 1 |
_aМихайлов _bН. А. _cгос. деятель _f1906-1982 _gНиколай Александрович _4570 |
|
| 712 | 0 | 2 |
_aВЛКСМ _bЦК _3RU\NLR\AUTH\8810062678 _4570 |
| 801 | 0 |
_aRU _bNLR _c19720101 _gPSBO |
|
| 801 | 1 |
_aRU _bNLR _c20131031 _gRCR |
|
| 852 |
_aNLR _bЛ3-330л _j9/2-103 |
||
| 856 | 0 | _uhttp://vivaldi.nlr.ru/ll000074795/view | |
| 856 | 1 | _uhttp://vivaldi.nlr.ru/ll000074795/cover | |
| 856 | 2 | _uhttp://vivaldi.nlr.ru/ll000074795/text | |
| 942 | _cVISUAL | ||
| 945 | _aРоссийская национальная библиотека | ||
| 980 | _aNB | ||
| 980 | _aBV | ||
| 981 | 2 | 1 |
_a(21) Листовки _b(21) Листовки блокадного Ленинграда |
| 981 | 3 | 7 |
_a(37) Ленинград в Великой Отечественной войне _b(37) Листовки блокадного Ленинграда |